Представление документа в формате RUSMARC

ПолеНазваниеЗначение
  Тип записи a
  Библиографический уровень m
001 Контрольный номер efb94b992e794e81af1830d7adffc3ca
005 Дата корректировки 20140527152243.4
101 Язык документа 0_
a Язык текста rus
102 Страна публикации __
a Страна публикации RU
200 Заглавие и сведения об ответственности 1_
a Заглавие Государственный аудит
e Сведения, относящиеся к заглавию 15-летию Счетной палаты РФ и 10-ти летию Ассоциации контрольно-счетных органов РФ посвящается
f Первые сведения об ответственности пред. Счетной палаты РФ С. В. Степашин; первый зам. пред. Комиссии Совета Федерации по взаимодействию со Счетной палатой РФ К. В. Сурков
210 Выходные данные 1_
c Издательство УП Принт
a Место издания М.
d Дата издания 2010
215 Физическое описание __
a Объем 351, [1] с.
610 Ключевые слова 0_
a Ключевые слова счетная палата РФ
610 Ключевые слова 0_
a Ключевые слова внешний финансовый контроль
610 Ключевые слова 0_
a Ключевые слова федеральное законодательство
686 Индексы других классификаций __
a Классификационный индекс 67.622
2 Код системы rubbk
801 Источник записи _0
a Страна RU
b Организация РУК
c Дата составления 20110520
g Правила каталогизации PSBO
801 Источник записи _1
a Страна RU
b Организация РУК
c Дата составления 20110520
g Правила каталогизации PSBO
852 Данные о местонахождении __
i Авторский знак Г 72
j Шифр хранения ББК 67
901 Тип документа __
t Тип документа m
938 Служебная информация __
a Название организации Головной вуз
b Имя БД BOOK
c Название АИБС АИБС ИРБИС